000 00328nam a2200109Ia 4500
008 171211s9999 xx 000 0 und d
245 4 _aThe Musical Comedy Films of Grigorii Aleksandrov: Laughing Matters
245 _cRimgaila Salys
260 _c2007
650 _xcinema
856 _uhttp://down.ebook777.com/063/1841502820.pdf
999 _c348733
_d348733